000 00342nam a22001457a 4500
008 180312b xxu||||| |||| 00| 0 eng d
020 _a9780130209955
041 _aeng
080 _a338 KLU
082 _a338 KLU
100 _a54
101 _aMEN
245 _aStrategic thinking an executive perspective
_cKluyver,C.A
942 _2udc
_cBK
999 _c44683
_d44683